Education, individual and society (Record no. 51245)

MARC details
000 -LEADER
fixed length control field 00360nam a2200133Ia 4500
008 - FIXED-LENGTH DATA ELEMENTS--GENERAL INFORMATION
fixed length control field 230917s9999||||xx |||||||||||||| ||und||
040 ## - CATALOGING SOURCE
-- 35303
Original cataloging agency VIVEKANANDA LIBRARY
041 ## - Language
-- English
082 ## - DDC NUMBER
Classification number 370.193 E83E
245 #0 - TITLE STATEMENT
Title Education, individual and society
260 ## - PUBLICATION, DISTRIBUTION, ETC. (IMPRINT)
Place of publication, distribution, etc New Delhi
Name of publisher, distributor, etc Ministery of education & social welfare
Date of publication, distribution, etc 1977
300 ## - PHYSICAL DESCRIPTION
Pages viii, 127 p.
942 ## - ADDED ENTRY ELEMENTS (KOHA)
Koha item type Books
Holdings
Withdrawn status Lost status Damaged status Not for loan Location (home branch) Sublocation or collection (holding branch) Date acquired Koha issues (times borrowed) Koha full call number Accession No. Koha date last seen Koha item type
        VIVEKANANDA LIBRARY VIVEKANANDA LIBRARY 29/08/2002   370.193 E83E 119912 17/09/2023 Books
        VIVEKANANDA LIBRARY VIVEKANANDA LIBRARY 29/08/2002   370.193 E83E 119913 17/09/2023 Books
© Designed and Maintained by Vivekananda Library, MDU Rohtak